Megadeth - Rust in Peace Songs - Statistics

General Stats
  • This quiz has been taken 67 times
  • The average score is 7 of 9
Answer Stats
Length Song % Correct
6:36 Holy Wars...The Punishment Due
95%
5:36 Rust in Peace...Polaris
91%
5:22 Tornado of Souls
89%
5:14 Hangar 18
86%
3:58 Lucretia
80%
3:28 Take No Prisoners
79%
1:50 Dawn Patrol
77%
5:42 Five Magics
75%
2:58 Poison Was the Cure
75%
No matching quizzes found
Score Distribution
Percent of People with Each Score
Percentile by Number Answered
Your Score History
You have not taken this quiz